| 000 | 00615nam a2200181Ia 4500 | ||
|---|---|---|---|
| 008 | 151202s9999||||xx |||||||||||||| ||und|| | ||
| 082 | _bPNVM-80561 | ||
| 100 | _aचांदोरकर स्वाती. | ||
| 245 | _aएक पायरी वर. | ||
| 260 | _b"मेहता पब्लिशिंग हाऊस, पुणे." | ||
| 260 | _c2012 | ||
| 300 | _a166 | ||
| 600 | _aचांदोरकर स्वाती. | ||
| 630 | _aएक पायरी वर. | ||
| 700 | _aचांदोरकर स्वाती. | ||
| 730 | _aएक पायरी वर. | ||
| 942 | _cBOOK | ||
| 999 |
_c1345169 _d1345166 |
||